Seis poetas griegos : antología /

Guardado en:
Autor Principal: Kavafis, Constantino
Otros Autores: Seferis, Yorgos, Ritsos, Yanis, Elytis, Odysseas, Vretakos, Nikiforos, Varvitsiotis, Takis, Castillo, Horacio; prol.
Formato: Libro
Publicado: Buenos Aires : Colihue, 2014
Series:Colección Juan Gelman
Materias:
Etiquetas: Agregar Etiqueta
Sin Etiquetas, Sea el primero en etiquetar este registro!
LEADER 01286nam a22003615a 4500
001 CEM.cems014850
008 130507s2014##################000#0#####d
005 20220210094944.0
003 CEMS
245 1 0 |a Seis poetas griegos :  |b antología /  |c Constantino Kavafis ... y otros ; prólogo y traducción por Horacio Castillo. 
260 |a Buenos Aires :  |b Colihue,  |c 2014 
300 |a 208 p. 
490 0 |a Colección Juan Gelman 
500 |a Edición especial del Ministerio de Educación de la Nación 
500 |a Contiene poemas en griego. 
505 0 |a Kavafis, Constantino -- Seferis, Yorgos -- Ritsos, Yanis -- Elytis, Odysseas -- Vretakos, Nikiforos -- Varvitsiotis, Takis 
020 |a 9789876848541 
100 1 |a Kavafis, Constantino 
700 1 |a Seferis, Yorgos 
700 1 |a Ritsos, Yanis 
700 1 |a Elytis, Odysseas 
700 1 |a Vretakos, Nikiforos 
700 1 |a Varvitsiotis, Takis 
700 1 |a Castillo, Horacio; prol. 
082 0 4 |a 881 
653 |a Literatura 
653 |a Literatura girega 
653 |a Poesía 
653 |a Poesía griega 
653 |a Biblioteca Juan Gelman 
653 |a Colección Juan Gelman 
859 |a CEMS  |b BIB. CEMS - 11 de abril  |h 881  |i K17  |p 27477.18  |t Ej.1 
859 |a CEMS  |b BIB. CEMS - Agricultura  |h 881  |i C278  |p A2283.15  |t Ej.1